Kaveri Jala Vivada (Record no. 137369)

000 -LEADER
fixed length control field 00292nam a2200109Ia 4500
008 - FIXED-LENGTH DATA ELEMENTS--GENERAL INFORMATION
fixed length control field 220120s9999||||xx |||||||||||||| ||und||
100 ## - MAIN ENTRY--PERSONAL NAME
Personal name Arjunahalli, Prasanna
9 (RLIN) 11832
245 #0 - TITLE STATEMENT
Title Kaveri Jala Vivada
260 ## - PUBLICATION, DISTRIBUTION, ETC.
Place of publication, distribution, etc. Bananchu
Name of publisher, distributor, etc. New Delhi
Date of publication, distribution, etc. 2018
300 ## - PHYSICAL DESCRIPTION
Extent 306p.;28cm
Other physical details 240
650 ## - SUBJECT ADDED ENTRY--TOPICAL TERM
Topical term or geographic name entry element MATHEMATICS
Holdings
Withdrawn status Lost status Damaged status Not for loan Collection code Home library Current library Date acquired Barcode Date last seen Price effective from Koha item type
        Humanity Science Central Library Central Library 01/20/2022 GF1228 01/20/2022 01/20/2022 Gift Books

Powered by Koha